[Event "Chess Masters Gent 2023"]
[Site "Ghent, Belgium"]
[Date "2023.07.12"]
[Round "2.3"]
[White "Dgebuadze, Alexandre"]
[Black "Laurent-Paoli, Pierre"]
[Result "1/2-1/2"]
[TimeControl "90'/40 + 30' + 30\"/M"]
[WhiteTitle "GM"]
[BlackTitle "IM"]
[BlackFideId "26017962"]
[WhiteElo "2443"]
[BlackElo "2531"]

1. c4 {[%clk 01:30:31]} {[%emt 00:00:28]} e6 {[%clk 01:28:38]} {[%emt
00:02:22]} 2. Nf3 {[%clk 01:30:43]} {[%emt 00:00:19]} Nf6 {[%clk 01:27:23]}
{[%emt 00:01:44]} 3. e3 {[%clk 01:29:30]} {[%emt 00:01:44]} d5 {[%clk
01:26:30]} {[%emt 00:01:23]} 4. a3 {[%clk 01:28:26]} {[%emt 00:01:35]} Nbd7
{[%clk 01:13:07]} {[%emt 00:13:52]} 5. Nc3 {[%clk 01:20:19]} {[%emt 00:08:37]}
a6 {[%clk 01:10:25]} {[%emt 00:03:12]} 6. b4 {[%clk 01:19:23]} {[%emt
00:01:27]} dxc4 {[%clk 01:06:59]} {[%emt 00:03:55]} 7. Bxc4 {[%clk 01:19:45]}
{[%emt 00:00:08]} b5 {[%clk 01:07:26]} {[%emt 00:00:03]} 8. Be2 {[%clk
01:13:27]} {[%emt 00:06:48]} c5 {[%clk 01:01:26]} {[%emt 00:06:30]} 9. bxc5
{[%clk 01:11:30]} {[%emt 00:02:27]} Bxc5 {[%clk 01:01:04]} {[%emt 00:00:52]} 10.
d4 {[%clk 01:08:39]} {[%emt 00:03:21]} Be7 {[%clk 01:00:55]} {[%emt 00:00:38]}
11. Bd2 {[%clk 00:52:26]} {[%emt 00:16:43]} Bb7 {[%clk 00:59:01]} {[%emt
00:02:24]} 12. O-O {[%clk 00:50:50]} {[%emt 00:02:06]} O-O {[%clk 00:58:34]}
{[%emt 00:00:57]} 13. Qb1 {[%clk 00:50:14]} {[%emt 00:01:06]} Rc8 {[%clk
00:50:57]} {[%emt 00:08:07]} 14. Rc1 {[%clk 00:50:24]} {[%emt 00:00:20]} e5
{[%clk 00:41:50]} {[%emt 00:09:37]} 15. Be1 {[%clk 00:43:39]} {[%emt 00:07:16]}
exd4 {[%clk 00:40:29]} {[%emt 00:01:51]} 16. Nxd4 {[%clk 00:43:06]} {[%emt
00:01:03]} Ne5 {[%clk 00:32:52]} {[%emt 00:08:07]} 17. a4 {[%clk 00:23:22]}
{[%emt 00:20:14]} b4 {[%clk 00:33:13]} {[%emt 00:00:08]} 18. Na2 {[%clk
00:23:38]} {[%emt 00:00:15]} a5 {[%clk 00:30:35]} {[%emt 00:03:08]} 19. Rxc8
{[%clk 00:22:32]} {[%emt 00:01:35]} Qxc8 {[%clk 00:30:37]} {[%emt 00:00:28]} 20.
Nc1 {[%clk 00:21:31]} {[%emt 00:01:31]} Be4 {[%clk 00:26:31]} {[%emt 00:04:37]}
21. Qb2 {[%clk 00:21:37]} {[%emt 00:00:24]} Nc4 {[%clk 00:22:18]} {[%emt
00:04:43]} 22. Bxc4 {[%clk 00:20:42]} {[%emt 00:01:26]} Qxc4 {[%clk 00:22:44]}
{[%emt 00:00:03]} 23. Ncb3 {[%clk 00:21:05]} {[%emt 00:00:06]} Qd5 {[%clk
00:11:08]} {[%emt 00:12:07]} 24. f3 {[%clk 00:21:11]} {[%emt 00:00:24]} Bg6
{[%clk 00:10:46]} {[%emt 00:00:52]} 25. e4 {[%clk 00:17:13]} {[%emt 00:04:28]}
Nxe4 {[%clk 00:10:52]} {[%emt 00:00:24]} 26. fxe4 {[%clk 00:17:38]} {[%emt
00:00:04]} Bxe4 {[%clk 00:11:19]} {[%emt 00:00:03]} 27. Qe2 {[%clk 00:16:06]}
{[%emt 00:02:02]} Bc5 {[%clk 00:07:35]} {[%emt 00:04:15]} 28. Bf2 {[%clk
00:14:09]} {[%emt 00:02:26]} Bxd4 {[%clk 00:06:24]} {[%emt 00:01:42]} 29. Nxd4
{[%clk 00:12:41]} {[%emt 00:01:58]} Bxg2 {[%clk 00:06:46]} {[%emt 00:00:09]} 30.
Nf5 {[%clk 00:08:47]} {[%emt 00:04:22]} Qxf5 {[%clk 00:06:48]} {[%emt
00:00:29]} 31. Kxg2 {[%clk 00:09:12]} {[%emt 00:00:05]} h6 {[%clk 00:04:57]}
{[%emt 00:02:22]} 32. Bg3 {[%clk 00:04:09]} {[%emt 00:05:33]} Rc8 {[%clk
00:04:39]} {[%emt 00:00:48]} 33. Rf1 {[%clk 00:01:32]} {[%emt 00:03:07]} Qg6
{[%clk 00:05:08]} 34. Qf3 {[%clk 00:01:24]} {[%emt 00:00:38]} Rc2+ {[%clk
00:04:00]} {[%emt 00:01:39]} 35. Kh1 {[%clk 00:01:11]} {[%emt 00:00:43]} Ra2
{[%clk 00:02:40]} {[%emt 00:01:50]} 36. Be5 {[%clk 00:01:16]} {[%emt 00:00:24]}
Qe6 {[%clk 00:00:59]} {[%emt 00:02:12]} 37. Qa8+ {[%clk 00:01:13]} {[%emt
00:00:32]} Kh7 {[%clk 00:01:28]} {[%emt 00:00:02]} 38. Qe4+ {[%clk 00:01:31]}
{[%emt 00:00:09]} Qg6 {[%clk 00:00:43]} {[%emt 00:01:18]} 39. Qd5 {[%clk
00:01:13]} {[%emt 00:00:48]} Re2 {[%clk 00:00:35]} {[%emt 00:00:38]} 40. Rg1
{[%clk 00:01:02]} {[%emt 00:00:39]} Rxe5 {[%clk 00:00:40]} {[%emt 00:00:26]}
1/2-1/2

[Event "Chess Masters Gent 2023"]
[Site "Ghent, Belgium"]
[Date "2023.07.12"]
[Round "2.4"]
[White "Pijpers, Arthur"]
[Black "Grooten, Herman"]
[Result "1-0"]
[TimeControl "90'/40 + 30' + 30\"/M"]
[WhiteTitle "IM"]
[BlackTitle "IM"]
[WhiteFideId "1019554"]
[BlackFideId "1000330"]
[WhiteElo "2465"]
[BlackElo "2241"]

1. e4 {[%clk 01:30:57]} {[%emt 00:00:03]} e6 {[%clk 01:30:47]} {[%emt
00:00:14]} 2. d4 {[%clk 01:31:22]} {[%emt 00:00:05]} d5 {[%clk 01:31:10]}
{[%emt 00:00:06]} 3. Nc3 {[%clk 01:31:50]} {[%emt 00:00:03]} Bb4 {[%clk
01:31:27]} {[%emt 00:00:13]} 4. e5 {[%clk 01:32:13]} {[%emt 00:00:07]} b6
{[%clk 01:31:32]} {[%emt 00:00:24]} 5. h4 {[%clk 01:32:00]} {[%emt 00:00:44]}
Qd7 {[%clk 01:29:38]} {[%emt 00:02:23]} 6. Qg4 {[%clk 01:31:56]} {[%emt
00:00:35]} Bf8 {[%clk 01:28:54]} {[%emt 00:01:13]} 7. h5 {[%clk 01:32:20]}
{[%emt 00:00:06]} h6 {[%clk 01:28:35]} {[%emt 00:00:49]} 8. b4 {[%clk
01:32:36]} {[%emt 00:00:15]} f5 {[%clk 01:16:55]} {[%emt 00:12:10]} 9. Qg6+
{[%clk 01:32:09]} {[%emt 00:00:57]} Kd8 {[%clk 01:09:14]} {[%emt 00:08:11]} 10.
a3 {[%clk 01:29:21]} {[%emt 00:03:18]} Ne7 {[%clk 01:07:59]} {[%emt 00:01:45]}
11. Qg3 {[%clk 01:26:14]} {[%emt 00:03:37]} Qe8 {[%clk 00:52:31]} {[%emt
00:15:57]} 12. Nge2 {[%clk 01:10:56]} {[%emt 00:15:49]} g5 {[%clk 00:42:27]}
{[%emt 00:10:34]} 13. hxg6 {[%clk 01:11:16]} {[%emt 00:00:10]} Nxg6 {[%clk
00:42:47]} {[%emt 00:00:10]} 14. Nf4 {[%clk 01:11:05]} {[%emt 00:00:41]} Nxf4
{[%clk 00:41:27]} {[%emt 00:01:50]} 15. Bxf4 {[%clk 01:11:30]} {[%emt
00:00:06]} a5 {[%clk 00:32:56]} {[%emt 00:09:01]} 16. b5 {[%clk 01:08:49]}
{[%emt 00:03:10]} c5 {[%clk 00:31:31]} {[%emt 00:01:55]} 17. bxc6 {[%clk
00:59:17]} {[%emt 00:10:02]} Nxc6 {[%clk 00:31:51]} {[%emt 00:00:09]} 18. Nb5
{[%clk 00:59:43]} {[%emt 00:00:05]} Ba6 {[%clk 00:27:37]} {[%emt 00:04:45]} 19.
Rb1 {[%clk 00:46:17]} {[%emt 00:13:55]} Kc8 {[%clk 00:25:25]} {[%emt 00:02:41]}
20. Qb3 {[%clk 00:38:06]} {[%emt 00:08:42]} Rh7 {[%clk 00:22:01]} {[%emt
00:03:54]} 21. Rh3 {[%clk 00:34:46]} {[%emt 00:03:50]} Bb7 {[%clk 00:18:41]}
{[%emt 00:03:50]} 22. Bxh6 {[%clk 00:19:55]} {[%emt 00:15:20]} Be7 {[%clk
00:14:51]} {[%emt 00:04:20]} 23. Nc7 {[%clk 00:14:20]} {[%emt 00:06:06]} Qg6
{[%clk 00:09:49]} {[%emt 00:05:31]} 24. Nxa8 {[%clk 00:13:03]} {[%emt
00:01:47]} Bxa8 {[%clk 00:10:13]} {[%emt 00:00:07]} 25. Qxb6 {[%clk 00:11:54]}
{[%emt 00:01:39]} Nb4 {[%clk 00:03:26]} {[%emt 00:07:17]} 26. Rc3+ {[%clk
00:10:56]} {[%emt 00:01:28]} 1-0

[Event "Chess Masters Gent 2023"]
[Site "Ghent, Belgium"]
[Date "2023.07.12"]
[Round "2.5"]
[White "Maerevoet, Sim"]
[Black "Van Der Stricht, Geert"]
[Result "1-0"]
[TimeControl "90'/40 + 30' + 30\"/M"]
[WhiteTitle "FM"]
[BlackTitle "IM"]
[WhiteFideId "241725"]
[BlackFideId "201324"]
[WhiteElo "2414"]
[BlackElo "2329"]

1. c4 {[%clk 01:30:57]} {[%emt 00:00:03]} c6 {[%clk 01:30:31]} {[%emt
00:00:29]} 2. Nf3 {[%clk 01:31:19]} {[%emt 00:00:08]} d5 {[%clk 01:30:54]}
{[%emt 00:00:07]} 3. g3 {[%clk 01:31:45]} {[%emt 00:00:04]} Nf6 {[%clk
01:30:37]} {[%emt 00:00:47]} 4. Bg2 {[%clk 01:31:47]} {[%emt 00:00:27]} Bf5
{[%clk 01:28:15]} {[%emt 00:02:52]} 5. Qb3 {[%clk 01:26:45]} {[%emt 00:05:33]}
Qb6 {[%clk 01:28:09]} {[%emt 00:00:35]} 6. d3 {[%clk 01:26:17]} {[%emt
00:00:59]} e6 {[%clk 01:26:39]} {[%emt 00:01:59]} 7. Be3 {[%clk 01:26:12]}
{[%emt 00:00:36]} dxc4 {[%clk 01:18:41]} {[%emt 00:08:28]} 8. Qxc4 {[%clk
01:19:35]} {[%emt 00:07:07]} Qxb2 {[%clk 01:11:11]} {[%emt 00:08:00]} 9. Bd4
{[%clk 01:08:46]} {[%emt 00:11:18]} Qb4+ {[%clk 01:10:21]} {[%emt 00:01:15]} 10.
Nbd2 {[%clk 01:08:46]} {[%emt 00:00:36]} Qxc4 {[%clk 01:09:23]} {[%emt
00:01:27]} 11. Nxc4 {[%clk 01:08:34]} {[%emt 00:00:42]} Bb4+ {[%clk 01:09:04]}
{[%emt 00:00:48]} 12. Nfd2 {[%clk 01:05:06]} {[%emt 00:03:59]} Na6 {[%clk
00:42:00]} {[%emt 00:27:34]} 13. Rb1 {[%clk 01:02:14]} {[%emt 00:03:22]} O-O
{[%clk 00:36:54]} {[%emt 00:05:35]} 14. a3 {[%clk 00:58:32]} {[%emt 00:04:14]}
Bc5 {[%clk 00:33:11]} {[%emt 00:04:12]} 15. Bxf6 {[%clk 00:57:01]} {[%emt
00:02:02]} gxf6 {[%clk 00:33:34]} {[%emt 00:00:06]} 16. Rxb7 {[%clk 00:57:24]}
{[%emt 00:00:07]} Rfc8 {[%clk 00:26:43]} {[%emt 00:07:21]} 17. O-O {[%clk
00:53:19]} {[%emt 00:04:35]} Bf8 {[%clk 00:23:47]} {[%emt 00:03:25]} 18. Rc1
{[%clk 00:41:13]} {[%emt 00:12:37]} Nc5 {[%clk 00:23:07]} {[%emt 00:01:10]} 19.
Rbb1 {[%clk 00:40:24]} {[%emt 00:01:19]} e5 {[%clk 00:16:41]} {[%emt 00:06:56]}
20. Na5 {[%clk 00:38:42]} {[%emt 00:02:13]} Bd7 {[%clk 00:15:22]} {[%emt
00:01:49]} 21. Rc4 {[%clk 00:34:51]} {[%emt 00:04:21]} Rab8 {[%clk 00:10:13]}
{[%emt 00:05:38]} 22. Rxb8 {[%clk 00:30:20]} {[%emt 00:05:01]} Rxb8 {[%clk
00:10:37]} {[%emt 00:00:06]} 23. Bxc6 {[%clk 00:30:43]} {[%emt 00:00:08]} Bxc6
{[%clk 00:06:42]} {[%emt 00:04:25]} 24. Nxc6 {[%clk 00:30:41]} {[%emt
00:00:31]} Rb2 {[%clk 00:07:07]} {[%emt 00:00:05]} 25. Ne4 {[%clk 00:22:37]}
{[%emt 00:08:34]} Nxe4 {[%clk 00:06:57]} {[%emt 00:00:40]} 26. Rxe4 {[%clk
00:23:03]} {[%emt 00:00:05]} Bc5 {[%clk 00:05:12]} {[%emt 00:02:14]} 27. a4
{[%clk 00:19:52]} {[%emt 00:03:41]} Rb6 {[%clk 00:04:54]} {[%emt 00:00:48]} 28.
Na5 {[%clk 00:20:11]} {[%emt 00:00:12]} Bd4 {[%clk 00:03:51]} {[%emt 00:01:32]}
29. e3 {[%clk 00:15:04]} {[%emt 00:05:37]} Bc3 {[%clk 00:02:59]} {[%emt
00:01:22]} 30. Nc4 {[%clk 00:15:30]} {[%emt 00:00:04]} Rb4 {[%clk 00:01:33]}
{[%emt 00:01:55]} 31. Nd6 {[%clk 00:15:21]} {[%emt 00:00:40]} Rb1+ {[%clk
00:01:18]} {[%emt 00:00:45]} 32. Kg2 {[%clk 00:15:47]} {[%emt 00:00:04]} Rd1
{[%clk 00:01:43]} {[%emt 00:00:04]} 33. Rc4 {[%clk 00:14:25]} {[%emt 00:01:53]}
Rxd3 {[%clk 00:01:55]} {[%emt 00:00:18]} 34. Rc8+ {[%clk 00:14:40]} {[%emt
00:00:15]} Kg7 {[%clk 00:02:18]} {[%emt 00:00:06]} 35. Nf5+ {[%clk 00:15:07]}
{[%emt 00:00:03]} Kg6 {[%clk 00:02:27]} {[%emt 00:00:20]} 36. Ne7+ {[%clk
00:15:21]} {[%emt 00:00:17]} Kh5 {[%clk 00:02:11]} {[%emt 00:00:46]} 37. Rg8
{[%clk 00:15:46]} {[%emt 00:00:05]} f5 {[%clk 00:01:53]} {[%emt 00:00:48]} 38.
Nxf5 {[%clk 00:16:11]} {[%emt 00:00:06]} 1-0

[Event "Chess Masters Gent 2023"]
[Site "Ghent, Belgium"]
[Date "2023.07.12"]
[Round "2.6"]
[White "Dauw, Sterre"]
[Black "Csonka, Balazs"]
[Result "0-1"]
[TimeControl "90'/40 + 30' + 30\"/M"]
[WhiteTitle "FM"]
[BlackTitle "IM"]
[WhiteFideId "248886"]
[BlackFideId "742910"]
[WhiteElo "2244"]
[BlackElo "2497"]

1. e4 {[%clk 01:30:56]} {[%emt 00:00:02]} c5 {[%clk 01:30:53]} {[%emt
00:00:08]} 2. Nf3 {[%clk 01:31:21]} {[%emt 00:00:05]} Nc6 {[%clk 01:31:17]}
{[%emt 00:00:06]} 3. d4 {[%clk 01:31:21]} {[%emt 00:00:30]} cxd4 {[%clk
01:31:39]} {[%emt 00:00:08]} 4. Nxd4 {[%clk 01:31:46]} {[%emt 00:00:05]} Nf6
{[%clk 01:31:53]} {[%emt 00:00:16]} 5. Nc3 {[%clk 01:32:09]} {[%emt 00:00:07]}
d6 {[%clk 01:32:12]} {[%emt 00:00:12]} 6. Nxc6 {[%clk 01:32:34]} {[%emt
00:00:05]} bxc6 {[%clk 01:32:32]} {[%emt 00:00:10]} 7. g3 {[%clk 01:32:58]}
{[%emt 00:00:05]} e5 {[%clk 01:28:02]} {[%emt 00:05:00]} 8. Bg2 {[%clk
01:31:30]} {[%emt 00:01:57]} Be7 {[%clk 01:21:35]} {[%emt 00:06:58]} 9. O-O
{[%clk 01:31:45]} {[%emt 00:00:15]} O-O {[%clk 01:21:55]} {[%emt 00:00:10]} 10.
b3 {[%clk 01:32:11]} {[%emt 00:00:04]} Bg4 {[%clk 01:07:06]} {[%emt 00:15:19]}
11. f3 {[%clk 01:17:33]} {[%emt 00:15:08]} Be6 {[%clk 01:00:28]} {[%emt
00:07:06]} 12. f4 {[%clk 01:17:58]} {[%emt 00:00:07]} Qc7 {[%clk 00:35:00]}
{[%emt 00:25:58]} 13. Bb2 {[%clk 01:08:05]} {[%emt 00:10:23]} Rad8 {[%clk
00:29:01]} {[%emt 00:06:30]} 14. Qe2 {[%clk 01:06:18]} {[%emt 00:02:16]} Rfe8
{[%clk 00:27:37]} {[%emt 00:01:54]} 15. Na4 {[%clk 01:06:07]} {[%emt 00:00:41]}
exf4 {[%clk 00:16:14]} {[%emt 00:11:53]} 16. gxf4 {[%clk 01:06:27]} {[%emt
00:00:10]} d5 {[%clk 00:16:12]} {[%emt 00:00:33]} 17. f5 {[%clk 01:03:37]}
{[%emt 00:03:20]} Bc8 {[%clk 00:16:11]} {[%emt 00:00:31]} 18. e5 {[%clk
01:04:01]} {[%emt 00:00:05]} Nd7 {[%clk 00:15:55]} {[%emt 00:00:47]} 19. Rae1
{[%clk 00:43:43]} {[%emt 00:20:48]} Bf6 {[%clk 00:05:50]} {[%emt 00:10:36]} 20.
e6 {[%clk 00:43:30]} {[%emt 00:00:43]} Bxb2 {[%clk 00:06:11]} {[%emt 00:00:09]}
21. e7 {[%clk 00:38:24]} {[%emt 00:05:35]} Be5 {[%clk 00:04:57]} {[%emt
00:01:45]} 22. exd8=Q {[%clk 00:38:29]} {[%emt 00:00:26]} Bxh2+ {[%clk
00:01:56]} {[%emt 00:03:31]} 23. Kh1 {[%clk 00:38:53]} {[%emt 00:00:05]} Rxd8
{[%clk 00:02:21]} {[%emt 00:00:05]} 24. c4 {[%clk 00:14:48]} {[%emt 00:24:35]}
Bg3 {[%clk 00:01:38]} {[%emt 00:01:13]} 25. Rd1 {[%clk 00:14:57]} {[%emt
00:00:21]} Nf6 {[%clk 00:01:04]} {[%emt 00:01:04]} 26. Nc3 {[%clk 00:14:02]}
{[%emt 00:01:25]} Be5 {[%clk 00:01:00]} {[%emt 00:00:34]} 27. Qf3 {[%clk
00:13:09]} {[%emt 00:01:22]} Qa5 {[%clk 00:00:37]} {[%emt 00:00:53]} 28. Rd3
{[%clk 00:10:21]} {[%emt 00:03:18]} Bxc3 {[%clk 00:00:41]} {[%emt 00:00:27]} 29.
Rxc3 {[%clk 00:10:46]} {[%emt 00:00:05]} Qxa2 {[%clk 00:00:35]} {[%emt
00:00:35]} 30. cxd5 {[%clk 00:10:23]} {[%emt 00:00:54]} cxd5 {[%clk 00:01:04]}
{[%emt 00:00:02]} 31. Rfc1 {[%clk 00:10:22]} {[%emt 00:00:30]} Bd7 {[%clk
00:01:11]} {[%emt 00:00:23]} 32. Rc7 {[%clk 00:10:19]} {[%emt 00:00:33]} h6
{[%clk 00:00:52]} {[%emt 00:00:49]} 33. b4 {[%clk 00:03:04]} {[%emt 00:07:46]}
a5 {[%clk 00:00:41]} {[%emt 00:00:40]} 34. bxa5 {[%clk 00:02:14]} {[%emt
00:01:20]} Qxa5 {[%clk 00:01:09]} {[%emt 00:00:02]} 35. Qf4 {[%clk 00:02:24]}
{[%emt 00:00:19]} Qa3 {[%clk 00:00:39]} {[%emt 00:01:01]} 36. R1c3 {[%clk
00:01:53]} {[%emt 00:01:01]} Qa1+ {[%clk 00:00:55]} {[%emt 00:00:12]} 37. Rc1
{[%clk 00:01:51]} {[%emt 00:00:33]} Qa3 {[%clk 00:01:19]} {[%emt 00:00:07]} 38.
R1c3 {[%clk 00:02:16]} {[%emt 00:00:05]} Qb2 {[%clk 00:00:44]} {[%emt
00:01:04]} 39. Kh2 {[%clk 00:00:58]} {[%emt 00:01:47]} Qe2 {[%clk 00:00:35]}
{[%emt 00:00:40]} 40. Rf3 {[%clk 00:00:35]} {[%emt 00:00:54]} Re8 {[%clk
00:00:33]} {[%emt 00:00:32]} 41. Qd6 {[%clk 00:27:23]} {[%emt 00:03:42]} Ng4+
{[%clk 00:18:31]} {[%emt 00:12:31]} 42. Kh1 {[%clk 00:26:45]} {[%emt 00:01:08]}
Qe1+ {[%clk 00:18:26]} {[%emt 00:00:35]} 0-1

[Event "Chess Masters Gent 2023"]
[Site "Ghent, Belgium"]
[Date "2023.07.12"]
[Round "2.7"]
[White "Ruzhansky, Elias"]
[Black "Miedema, David"]
[Result "1-0"]
[TimeControl "90'/40 + 30' + 30\"/M"]
[BlackTitle "IM"]
[WhiteFideId "472824"]
[BlackFideId "1018477"]
[WhiteElo "2209"]
[BlackElo "2375"]

1. e4 {[%clk 01:30:57]} {[%emt 00:00:03]} e6 {[%clk 01:27:53]} {[%emt
00:03:02]} 2. d4 {[%clk 01:31:19]} {[%emt 00:00:12]} d5 {[%clk 01:28:20]}
{[%emt 00:00:03]} 3. Nc3 {[%clk 01:31:44]} {[%emt 00:00:05]} Bb4 {[%clk
01:28:45]} {[%emt 00:00:05]} 4. e5 {[%clk 01:32:05]} {[%emt 00:00:09]} Ne7
{[%clk 01:28:44]} {[%emt 00:00:31]} 5. a3 {[%clk 01:30:17]} {[%emt 00:02:18]}
Bxc3+ {[%clk 01:29:09]} {[%emt 00:00:05]} 6. bxc3 {[%clk 01:30:42]} {[%emt
00:00:06]} b6 {[%clk 01:29:14]} {[%emt 00:00:25]} 7. Qg4 {[%clk 01:30:54]}
{[%emt 00:00:18]} Ng6 {[%clk 01:29:33]} {[%emt 00:00:11]} 8. f4 {[%clk
01:26:58]} {[%emt 00:04:25]} Ba6 {[%clk 01:25:14]} {[%emt 00:04:51]} 9. Bxa6
{[%clk 01:26:48]} {[%emt 00:00:39]} Nxa6 {[%clk 01:25:42]} {[%emt 00:00:02]} 10.
Qf3 {[%clk 01:26:58]} {[%emt 00:00:20]} Nb8 {[%clk 01:25:33]} {[%emt 00:00:40]}
11. Ne2 {[%clk 01:27:18]} {[%emt 00:00:09]} Nc6 {[%clk 01:25:19]} {[%emt
00:00:45]} 12. O-O {[%clk 01:27:16]} {[%emt 00:00:31]} Qd7 {[%clk 01:21:26]}
{[%emt 00:04:23]} 13. Ng3 {[%clk 01:25:48]} {[%emt 00:01:58]} Nce7 {[%clk
01:15:56]} {[%emt 00:06:00]} 14. Nh5 {[%clk 01:17:18]} {[%emt 00:08:59]} O-O-O
{[%clk 01:15:32]} {[%emt 00:00:54]} 15. a4 {[%clk 00:55:01]} {[%emt 00:22:47]}
a5 {[%clk 01:08:51]} {[%emt 00:07:11]} 16. Qd3 {[%clk 00:42:03]} {[%emt
00:13:28]} Kb7 {[%clk 00:39:05]} {[%emt 00:30:17]} 17. Nxg7 {[%clk 00:39:47]}
{[%emt 00:02:46]} h5 {[%clk 00:38:27]} {[%emt 00:01:08]} 18. f5 {[%clk
00:38:49]} {[%emt 00:01:28]} exf5 {[%clk 00:30:25]} {[%emt 00:08:32]} 19. Nxf5
{[%clk 00:30:55]} {[%emt 00:08:24]} Nxf5 {[%clk 00:30:51]} {[%emt 00:00:04]} 20.
Qxf5 {[%clk 00:29:28]} {[%emt 00:01:56]} Qc6 {[%clk 00:31:13]} {[%emt
00:00:10]} 21. Bd2 {[%clk 00:27:10]} {[%emt 00:02:48]} h4 {[%clk 00:26:58]}
{[%emt 00:04:45]} 22. h3 {[%clk 00:22:29]} {[%emt 00:05:11]} Rdf8 {[%clk
00:27:06]} {[%emt 00:00:23]} 23. Qf6 {[%clk 00:21:03]} {[%emt 00:01:55]} Qd7
{[%clk 00:24:36]} {[%emt 00:03:00]} 24. Qf5 {[%clk 00:19:53]} {[%emt 00:01:40]}
Qc6 {[%clk 00:24:58]} {[%emt 00:00:08]} 25. Qd3 {[%clk 00:18:03]} {[%emt
00:02:20]} Rhg8 {[%clk 00:23:10]} {[%emt 00:02:18]} 26. Rf6 {[%clk 00:18:25]}
{[%emt 00:00:08]} Qd7 {[%clk 00:21:49]} {[%emt 00:01:51]} 27. Qf3 {[%clk
00:18:18]} {[%emt 00:00:37]} Ne7 {[%clk 00:22:00]} {[%emt 00:00:19]} 28. e6
{[%clk 00:18:00]} {[%emt 00:00:48]} Qd8 {[%clk 00:21:56]} {[%emt 00:00:34]} 29.
Bh6 {[%clk 00:17:46]} {[%emt 00:00:44]} Rg3 {[%clk 00:22:22]} {[%emt 00:00:05]}
30. Qf2 {[%clk 00:15:10]} {[%emt 00:03:05]} Ng8 {[%clk 00:18:11]} {[%emt
00:04:41]} 31. Rxf7 {[%clk 00:14:01]} {[%emt 00:01:39]} Re8 {[%clk 00:18:37]}
{[%emt 00:00:05]} 32. Bf4 {[%clk 00:14:00]} {[%emt 00:00:30]} Rxc3 {[%clk
00:19:04]} {[%emt 00:00:04]} 33. Re1 {[%clk 00:13:07]} {[%emt 00:01:23]} Rc6
{[%clk 00:19:10]} {[%emt 00:00:24]} 34. Qf3 {[%clk 00:09:40]} {[%emt 00:03:56]}
Rxc2 {[%clk 00:11:19]} {[%emt 00:08:21]} 35. Rd7 {[%clk 00:09:28]} {[%emt
00:00:42]} Qc8 {[%clk 00:10:05]} {[%emt 00:01:45]} 36. Qxd5+ {[%clk 00:09:45]}
{[%emt 00:00:13]} Ka7 {[%clk 00:04:45]} {[%emt 00:05:49]} 37. Qb3 {[%clk
00:09:21]} {[%emt 00:00:54]} Rc6 {[%clk 00:05:12]} {[%emt 00:00:03]} 38. Qb5
{[%clk 00:08:41]} {[%emt 00:01:09]} Rc2 {[%clk 00:04:36]} {[%emt 00:01:05]} 39.
Bxc7 {[%clk 00:08:45]} {[%emt 00:00:27]} Rxc7 {[%clk 00:04:31]} {[%emt
00:00:35]} 40. Rxc7+ {[%clk 00:09:10]} {[%emt 00:00:04]} Qxc7 {[%clk 00:04:09]}
{[%emt 00:00:53]} 41. Qxe8 {[%clk 00:09:31]} {[%emt 00:00:09]} Qg3 {[%clk
00:04:31]} {[%emt 00:00:08]} 42. Qf7+ {[%clk 00:09:49]} {[%emt 00:00:11]} Ka6
{[%clk 00:04:43]} {[%emt 00:00:17]} 43. Qf1+ {[%clk 00:10:09]} {[%emt
00:00:11]} 1-0